000 00695nam a2200229 a 4500
001 000011504
003 DO-SdBNP
005 20220801112849.0
007 ta
008 091019s1949 dr r 000 0 spa d
040 _aDO-SdBNP
_bspa
_cBNPHU
082 _axxxx
_bJ61m
100 _aJiménez, Ramón Emilio,
_96521
_d1886-1970
245 1 0 _aM. J. Troncoso de la Concha :
_bantología /
_cR. Emilio Jiménez.
260 _aCiudad Trujillo, República Dominicana :
_bLibreria Dominicana,
_c1949.
300 _a180 p. ;
_c18 cm.
490 1 _aPensamiento Dominicano ;
590 _aInventariado, 2022/ YL
830 0 _aPensamiento Dominicano
_919047
910 _aYLockward
942 _2ddc
_cLBS1
999 _c11205
_d11205